The cross through the open tomb. (Record no. 7572)

000 -LEADER
fixed length control field 00589nam a2200181 a 4500
001 - CONTROL NUMBER
control field :::00005333$&:&@@
003 - CONTROL NUMBER IDENTIFIER
control field OkBaRHE
005 - DATE AND TIME OF LATEST TRANSACTION
control field 20000607103325.0
008 - FIXED-LENGTH DATA ELEMENTS--GENERAL INFORMATION
fixed length control field s1961 j 000 0 eng u
040 ## - CATALOGING SOURCE
Transcribing agency
100 1# - MAIN ENTRY--PERSONAL NAME
Personal name Barnhouse, Donald Grey, 1895-1960.
245 14 - TITLE STATEMENT
Title The cross through the open tomb.
260 ## - PUBLICATION, DISTRIBUTION, ETC. (IMPRINT)
Place of publication, distribution, etc Grand Rapids, MI., :
Name of publisher, distributor, etc William B. Eerdmans Publishing Company
Date of publication, distribution, etc c1961
300 ## - PHYSICAL DESCRIPTION
Extent 152 p. ;
Dimensions 22 cm.
650 ## - SUBJECT ADDED ENTRY--TOPICAL TERM
Topical term or geographic name as entry element Jesus Christ
General subdivision Resurrection
942 ## - ADDED ENTRY ELEMENTS (KOHA)
Source of classification or shelving scheme
Koha item type Books
Copies
Withdrawn status Lost status Date acquired Full call number Koha item type Price effective from Damaged status Not for loan Barcode Permanent Location Shelving location Source of classification or shelving scheme Date last seen Copy number
  2010-04-14BT 480 .B32Books2010-04-14  5333RHEMA Bible Training CollegeGeneral Stacks 2010-04-141